Programnoje obespečenije analogo-cifrovych vyčislitel'nych sistem

Gespeichert in:
Bibliographische Detailangaben
1. Verfasser: Senčenko, Nikolaj Ivanovič
Weitere Verfasser: Jakušev, Jurij Nikolajevič
Format: Buch
Sprache:Russisch
Veröffentlicht: Moskva Mašinostrojenije 1985
Tags: Tag hinzufügen
Keine Tags, Fügen Sie das erste Tag hinzu!

MARC

LEADER 00000nam a2200000 4500
001 c110721
005 20041019155147.7
041 0 |a rus 
044 |a RU 
245 1 0 |a Programnoje obespečenije analogo-cifrovych vyčislitel'nych sistem  |c Nikolaj Ivanovič Senčenko, Jurij Nikolajevič Jakušev 
264 1 |a Moskva  |b Mašinostrojenije  |c 1985 
300 |a 183 s. 
100 1 |a Senčenko, Nikolaj Ivanovič 
700 1 |a Jakušev, Jurij Nikolajevič